Представление документа в формате RUSMARC

ПолеНазваниеЗначение
  Тип записи a
  Библиографический уровень m
001 Контрольный номер RU/CBS_UL/BASE/90b0f3e55fb54cc5970e2cb914de8245
005 Дата корректировки 20260206103521.6
010 Индекс ISBN __
a ISBN
b Уточнения
d Цена 20 р. 00 к.
9 Тираж экз.
100 Данные общей обработки __
a Данные общей обработки 20220119d2022 ||| 0rusy0189 ca
101 Язык документа 0_
a Язык текста rus
102 Страна публикации __
a Страна публикации RU
105 Кодированные данные (монография) __
a Кодированные данные (монография) y###||||000|y
181 Поле кодированных данных: вид содержания _1
a Код вида содержания (ISBD) i#
b Код характеристики содержания (ISBD) #xxe##
d i
g x
h x
i e
182 Поле кодированных данных: тип средства _1
a Код типа средства (ISBD) n
2 Код системы (источник кода, отличный от ISBD) isbdmedia
200 Заглавие и сведения об ответственности 1_
a Заглавие Математика
e Сведения, относящиеся к заглавию кн. для учителя
e Сведения, относящиеся к заглавию методич. рекомендации к учебнику 5 класса
g Последующие сведения об ответственности Л. Н. Шеврин, А. Г. Гейн, И. О. Коряков, М. В. Волков
210 Выходные данные 1_
a Место издания Москва
c Издательство Просвещение
d Дата издания 2004
215 Физическое описание __
a Объем 159 с.
d Формат см.
300 Общие примечания __
a Общие примечания 6+
333 Примечание о целевом назначении __
a Примечание о целевом назначении 16+
606 Тематические рубрики 0_
a Основная рубрика Математика - Преподавание - Начальная школа
610 Ключевые слова 0_
a Ключевые слова задачи по математике
a Ключевые слова решение задач
a Ключевые слова рекомендации методические
a Ключевые слова игры занимательные
a Ключевые слова преподавание математики
686 Индексы других классификаций __
a Классификационный индекс 74.262.21
2 Код системы rubbk
852 Данные о местонахождении __
i Авторский знак М 34
j Шифр хранения 74.26
899 Данные о местонахождении __
i Авторский знак М 34
j Расстановочный фильтр 74.26
901 Тип документа __
t Тип документа m